Spanyolország gazdasága, különös figyelemmel Katalónia gazdaságára és autonóm törekvéseire
| Main Author: | |
|---|---|
| Other Authors: | |
| Format: | Thesis |
| Kulcsszavak: | Spanyolország Katalónia Gazdaság Autonómia |
| Online Access: | http://dolgozattar.uni-bge.hu/13854 |
MARC
| LEADER | 00000nta a2200000 i 4500 | ||
|---|---|---|---|
| 001 | dolg13854 | ||
| 005 | 20180313140428.0 | ||
| 008 | 171211suuuu hu om 000 hun d | ||
| 040 | |a BGE Dolgozattár Repozitórium |b hun | ||
| 041 | |a hu | ||
| 100 | 1 | |a Árvay Brigitta | |
| 245 | 1 | 0 | |a Spanyolország gazdasága, különös figyelemmel Katalónia gazdaságára és autonóm törekvéseire |c Árvay Brigitta |h [elektronikus dokumentum] |
| 246 | 1 | 1 | |a Spanyolország gazdasága, különös figyelemmel Katalónia gazdaságára és autonóm törekvéseire |
| 246 | 1 | 1 | |a The economy of Spain, with special attention to the economy of Catalonia and it's autonomous aspirations |
| 695 | |a Spanyolország | ||
| 695 | |a Katalónia | ||
| 695 | |a Gazdaság | ||
| 695 | |a Autonómia | ||
| 700 | 1 | |a Dobos Dr. Erzsébet |e ths | |
| 856 | 4 | 0 | |u http://dolgozattar.uni-bge.hu/13854/1/%C3%81rvay%20Brigitta%20HJD2KS.pdf |z Dokumentum-elérés |